|
|
|
|
| LEADER |
00835nam a2200217 a 4500 |
| 001 |
GR-MES8622 |
| 008 |
020925s1989 xxk 000 0 gre d |
| 020 |
|
|
|a 0192817655
|
| 040 |
|
|
|a GrPaTEI
|b gre
|c GR-PaULI
|
| 040 |
|
|
|a GrPaTEI
|b gre
|c GR-PaULI
|
| 245 |
0 |
4 |
|a The female Quixote or the adventures of Arabella /
|c Charlotte Lennox.
|
| 260 |
|
|
|a Oxford :
|b Oxford university press,
|c 1989
|
| 300 |
|
|
|a 428 σελ.
|
| 490 |
0 |
|
|a (The world's classics)
|
| 650 |
|
4 |
|a Αγγλική Λογοτεχνία
|
| 650 |
|
4 |
|a Μυθιστόρημα
|
| 700 |
1 |
|
|a LENNOX, C.
|
| 942 |
|
|
|2 ddc
|
| 952 |
|
|
|0 0
|1 0
|2 ddc
|4 0
|6 823_600000000000000_LEN
|7 0
|9 278954
|a MSLG
|b MSLG
|c BSC
|d 2021-01-17
|e 24
|f 0
|g 0.00
|l 0
|o 823.6 LEN
|p 2420000013616
|r 2021-01-17 00:00:00
|t 1
|w 2021-01-17
|y BK15
|x 20020925 0 1
|x GrPaTEI
|
| 971 |
|
|
|a .b25870932
|b 15-04-20
|c 14-09-16
|
| 999 |
|
|
|c 162481
|d 162481
|